Feminist Rereadings of Rabbinic Literature /
Novel readings of rabbinic literature from the perspective of feminism and gender reading theories.
| Main Author: | |
|---|---|
| Other Authors: | |
| Format: | Electronic eBook |
| Language: | Inglés Hebrew |
| Published: |
Waltham, Massachusetts :
Brandeis University Press,
[2014]
|
| Series: | Book collections on Project MUSE.
|
| Subjects: | |
| Online Access: | Texto completo |
MARC
| LEADER | 00000cam a22000004a 4500 | ||
|---|---|---|---|
| 001 | musev2_35585 | ||
| 003 | MdBmJHUP | ||
| 005 | 20230905043738.0 | ||
| 006 | m o d | ||
| 007 | cr||||||||nn|n | ||
| 008 | 140411t20142014mau o 00 0 eng d | ||
| 010 | |z 2021693124 | ||
| 020 | |a 9781611686098 | ||
| 020 | |z 9781611686081 | ||
| 020 | |z 9781611686074 | ||
| 035 | |a (OCoLC)894628754 | ||
| 040 | |a MdBmJHUP |c MdBmJHUP | ||
| 041 | 1 | |a eng |h heb | |
| 100 | 1 | |a Raṿeh, ʻInbar. | |
| 240 | 1 | 0 | |a Bi-fene ʻatsman. |l English |
| 245 | 1 | 0 | |a Feminist Rereadings of Rabbinic Literature / |c Inbar Reveh ; translated by Kaeren Fish. |
| 264 | 1 | |a Waltham, Massachusetts : |b Brandeis University Press, |c [2014] | |
| 264 | 3 | |a Baltimore, Md. : |b Project MUSE, |c 2015 | |
| 264 | 4 | |c ©[2014] | |
| 300 | |a 1 online resource (205 pages). | ||
| 336 | |a text |b txt |2 rdacontent | ||
| 337 | |a computer |b c |2 rdamedia | ||
| 338 | |a online resource |b cr |2 rdacarrier | ||
| 490 | 0 | |a HBI series on Jewish women | |
| 500 | |a Translated from the Hebrew. | ||
| 505 | 0 | |a Back to the breast: an aspect of feminine sexuality in the imagined world of the sages -- 2. Desire and dominion -- 3. "They let the children live": the midwives at a political crossroads -- 4. Judith, wife of R. Hiyya: a story of women's pain -- 5. The voice of doubt: the wife of R. Simeon ben Halafta and the uncanny -- 6. Open to conquest: prostitution, temptations and responses -- 7. Myth in the attic: the call of the deep -- 8. The creation of woman: men are from Babylon; women are from the land of Israel. | |
| 520 | |a Novel readings of rabbinic literature from the perspective of feminism and gender reading theories. | ||
| 588 | |a Description based on print version record. | ||
| 650 | 7 | |a Women in rabbinical literature. |2 fast |0 (OCoLC)fst01177961 | |
| 650 | 7 | |a Women in Judaism. |2 fast |0 (OCoLC)fst01177801 | |
| 650 | 7 | |a Feminism |x Religious aspects |x Judaism. |2 fast |0 (OCoLC)fst00922711 | |
| 650 | 7 | |a LITERARY CRITICISM |x General. |2 bisacsh | |
| 650 | 7 | |a RELIGION |x Judaism |x General. |2 bisacsh | |
| 650 | 6 | |a Femmes dans le judaïsme. | |
| 650 | 6 | |a Femmes dans la litterature rabbinique. | |
| 650 | 0 | |a Feminism |x Religious aspects |x Judaism. | |
| 650 | 0 | |a Women in Judaism. | |
| 650 | 0 | |a Women in rabbinical literature. | |
| 655 | 7 | |a Electronic books. |2 local | |
| 700 | 1 | |a Fish, Kaeren, |e translator. | |
| 710 | 2 | |a Project Muse. |e distributor | |
| 830 | 0 | |a Book collections on Project MUSE. | |
| 856 | 4 | 0 | |z Texto completo |u https://projectmuse.uam.elogim.com/book/35585/ |
| 945 | |a Project MUSE - Custom Collection | ||
| 945 | |a Project MUSE - 2015 Global Cultural Studies | ||
| 945 | |a Project MUSE - 2015 Complete | ||


